Catálogo público

Machine tool operation : (Record no. 205170)

MARC details
000 -CABECERA
campo de control de longitud fija 00710nam a2200265Ia 4500
001 - NÚMERO DE CONTROL
campo de control Para_6430
003 - IDENTIFICADOR DEL NÚMERO DE CONTROL
campo de control CHAP
008 - DATOS DE LONGITUD FIJA--INFORMACIÓN GENERAL
campo de control de longitud fija 220125s1928 xx 000 0 und d
010 ## - NÚMERO DE CONTROL DE LA BIBLIOTECA DEL CONGRESO
Número de control de LC 205170
040 ## - FUENTE DE LA CATALOGACIÓN
Centro/agencia transcriptor CHAP
082 ## - NÚMERO DE LA CLASIFICACIÓN DECIMAL DEWEY
Número de clasificación PA 621.3 B88
100 ## - ENTRADA PRINCIPAL--NOMBRE DE PERSONA
Nombre de persona Burghardt, Henry D.
9 (RLIN) 16159
245 ## - MENCIÓN DE TÍTULO
Título Machine tool operation :
Resto del título instruction sheets /
Mención de responsabilidad, etc. by Henry D. Burghardt
260 ## - PUBLICACIÓN, DISTRIBUCIÓN, ETC.
Lugar de publicación, distribución, etc. New York :
Nombre del editor, distribuidor, etc. McGraw-Hill
300 ## - DESCRIPCIÓN FÍSICA
Extensión v.
650 ## - PUNTO DE ACCESO ADICIONAL DE MATERIA--TÉRMINO DE MATERIA
Término de materia o nombre geográfico como elemento de entrada Talleres mecánicos, práctica de
9 (RLIN) 171155
650 ## - PUNTO DE ACCESO ADICIONAL DE MATERIA--TÉRMINO DE MATERIA
Término de materia o nombre geográfico como elemento de entrada Tornos
9 (RLIN) 113956
901 ## - ELEMENTOS DE DATOS A LOCAL LDA (RLIN)
a PA 621.3 B88
902 ## - ELEMENTOS DE DATOS B LOCAL, LDB (RLIN)
a A
905 ## - ELEMENTOS DE DATOS E LOCAL, LDE (RLIN)
a 0000001928 0000000000 00
910 ## - DATOS DE OPCIÓN DEL USUARIO (OCLC)
Datos de opción del usuario 1928
942 ## - ELEMENTOS DE PUNTO DE ACCESO ADICIONAL (KOHA)
Tipo de ítem Koha Parasitologia_
942 ## - ELEMENTOS DE PUNTO DE ACCESO ADICIONAL (KOHA)
Tipo de ítem Koha Parasitologia_
-- 1
Holdings
Estado de retiro Estado de pérdida Fuente del sistema de clasificación o colocación Estado dañado Restricciones de uso No para préstamo Código de colección Localización permanente Ubicación/localización actual Fecha de adquisición Número de inventario Total de préstamos Signatura topográfica completa Código de barras Fecha visto por última vez Número de copia Precio válido a partir de Tipo de ítem Koha Nota pública
    Dewey Decimal Classification   Préstamo interno   General Parasitologia Agricola Parasitologia Agricola 27/10/2005 (PA_3731) (No. UACh C/E)   PA 621.3 B88 4102001285 25/01/2022 Ej.1 25/01/2022 Libro 3